Experiences in management and organizational behavior

Na minha lista:
Detalhes bibliográficos
Formato: Livro
Idioma:Undetermined
Publicado em: Illinois St. Clair Press 1977
Assuntos:
Tags: Adicionar Tag
Sem tags, seja o primeiro a adicionar uma tag!
Thư viện lưu trữ: Trung tâm Học liệu Trường Đại học Cần Thơ
LEADER 00492nam a2200169Ia 4500
001 CTU_69037
008 210402s9999 xx 000 0 und d
082 |a 658.4 
082 |b E96 
245 0 |a Experiences in management and organizational behavior 
245 0 |c Douglas T. Hall ... [et al.] 
260 |a Illinois 
260 |b St. Clair Press 
260 |c 1977 
650 |a Management,Organizational behavior 
904 |i TUYEN 
980 |a Trung tâm Học liệu Trường Đại học Cần Thơ